Library staff development handbook: (Record no. 1434611)

MARC details
000 -LEADER
fixed length control field 00799nam a22002297a 4500
005 - DATE AND TIME OF LATEST TRANSACTION
control field 20250807145454.0
008 - FIXED-LENGTH DATA ELEMENTS--GENERAL INFORMATION
fixed length control field 250807b |||||||| |||| 00| 0 eng d
020 ## - INTERNATIONAL STANDARD BOOK NUMBER
International Standard Book Number 978-1-4422-7036-7 (pbk)
037 ## - SOURCE OF ACQUISITION
Terms of availability Handbook
040 ## - CATALOGING SOURCE
Original cataloging agency AL
Transcribing agency AL
041 ## - LANGUAGE CODE
Source of code ENG
Language code of text/sound track or separate title ENG
084 ## - COLON CLASSIFICATION NUMBER
Classification number 2:8g Q7
Assigning agency AL
100 ## - MAIN ENTRY--PERSONAL NAME
Personal name Flacherty, Mary Grace
9 (RLIN) 817467
245 ## - TITLE STATEMENT
Title Library staff development handbook:
Remainder of title how to maximize your library's mos important resource
260 ## - PUBLICATION, DISTRIBUTION, ETC.
Place of publication, distribution, etc. Lanham, Maryland:
Name of publisher, distributor, etc. Rowman and Littlefield,
Date of publication, distribution, etc. 2017.
300 ## - PHYSICAL DESCRIPTION
Extent xiii,139p.
365 ## - TRADE PRICE
Price amount 29.95
Currency code UKP
650 ## - SUBJECT ADDED ENTRY--TOPICAL TERM
Topical term or geographic name entry element LIBRARY SCIENCE
650 ## - SUBJECT ADDED ENTRY--TOPICAL TERM
Topical term or geographic name entry element Library Administration
942 ## - ADDED ENTRY ELEMENTS (KOHA)
Source of classification or shelving scheme Colon Classification (CC)
Koha item type Reference
Classification part 2:8g Q7
Suppress in OPAC No
Holdings
Withdrawn status Lost status Source of classification or shelving scheme Damaged status Not for loan Home library Current library Date acquired Source of acquisition Cost, normal purchase price Inventory number Total Checkouts Full call number Barcode Date last seen Price effective from Koha item type
    Colon Classification (CC)     Arts Library Arts Library 2025-08-07 Elite Publishers Distributors 29.95 13508 & 08/03/2018   2:8g Q7 AL1631884 2025-08-07 2025-08-07 Reference
Copyright @ Delhi University Library System